000 00307nam a22001337a 4500
020 _a0-7513-6912-8
082 _a030
_bDOR/M
100 _aDORLING KINDERSLEY
245 _aMACHINES
_bPICTUREPEDIA
260 _aLONDON
_bDK BOOKS
_c1993
300 _a48
650 _aENCYCLOPEDIA
_z UNITED KINGDOM
942 _cBK
999 _c2264
_d2264